Israel, Jordan, and Palestine (Record no. 115930)
[ view plain ]
| 000 -LEADER | |
|---|---|
| fixed length control field | 01839nam a2200385 a 4500 |
| 082 04 - DEWEY DECIMAL CLASSIFICATION NUMBER | |
| Classification number | 956.9405/4 |
| 100 1# - MAIN ENTRY--AUTHOR NAME | |
| Personal name | Susser, Asher. |
| 245 10 - TITLE STATEMENT | |
| Title | Israel, Jordan, and Palestine |
| 260 ## - PUBLICATION, DISTRIBUTION, ETC. (IMPRINT) | |
| Place of publication | Waltham, Mass. : |
| Name of publisher | Brandeis University Press, |
| Year of publication | c2011. |
| 300 ## - PHYSICAL DESCRIPTION | |
| Number of Pages | xiii, 297 p. |
| 500 ## - GENERAL NOTE | |
| General note | "A Crown Center for Middle East Studies Book." |
| 505 0# - FORMATTED CONTENTS NOTE | |
| Formatted contents note | Between binationalism and partition -- The Palestinians and the two-state idea: a guide for the perplexed -- Israel and the two-state paradigm: from reluctant acquiescence to self-interest -- The alternative: the promotion of the one-state agenda -- The evolution of the Jordanian role -- The revival of the two-state imperative. |
| 650 #0 - SUBJECT ADDED ENTRY--TOPICAL TERM | |
| Topical Term | Arab-Israeli conflict |
| Topical Term | Arab-Israeli conflict. |
| Topical Term | Pacific settlement of international disputes. |
| 856 40 - ELECTRONIC LOCATION AND ACCESS | |
| Uniform Resource Identifier | http://site.ebrary.com/lib/rucke/Doc?id=10509947 |
No items available.
